JetPunk will be down very briefly at 3:00PM EST (12:00PM PST, 8:00PM GST)

Statistics for Black Sea General Knowledge

Click here to take the quiz!

General Stats

  • This quiz has been taken 112 times
  • The average score is 14 of 20

Answer Stats

QuestionAnswer% Correct
What peninsula was annexed by Russia in 2014?Crimea
100%
What is the most recent former name of Istanbul?Constantinople
95%
What Russian city hosted the 2014 Winter Olympics?Sochi
93%
What river starts in Germany's Black Forest and empties into the Black Sea?Danube
87%
What is the main port of Ukraine?Odessa
83%
What landlocked country is about 50 km away from the sea?Moldova
79%
What language is the most spoken in the coastal city of Constanța?Romanian
73%
What is the biggest Turkish city by the Black Sea, after Istanbul?
(Think of a Korean electronic company)
Samsun
73%
To what sea does that strait connect Black Sea?Sea of {Marmara}
72%
In what city did the "Big 3" allied leaders meet in February 1945?Yalta
72%
On what strait is Istanbul located?Bosphorus
70%
What major river starts in Russia's Valdai Hills and empties near Kherson, Ukraine?Dnieper
65%
What river is the Russian city of Rostov located on?Don
64%
What is the biggest city in that peninsula?Sevastopol
62%
What major peninsula makes most of the southern border of the Black Sea?Anatolia
58%
What part of the Black Sea is located between that peninsula and Russia?Sea of {Azov}
53%
What are the two biggest Bulgarian cities by the Black Sea? (name either)Varna | Burgas
51%
Which of the Russian-controlled areas of Georgia borders the Black Sea?Abkhazia
47%
What is the main port of Georgia?Batumi
30%
What Bulgarian "beach" resort is located between those two cities?{Sunny} Beach
28%

Score Distribution

Percentile by Number Answered

Percent of People with Each Score

Your Score History

You have not taken this quiz